LEADER 01265nam a2200253 u 4500 001 000000007660 003 CaOOAMICUS 005 20070226105016.0 008 941110m18241825gw u000 u lat u 035 $a10200513 040 $aPUL(R)$bita 100 1 $aGuericke, Henrich Ernst Ferdinand,$d1803-1878.$0(OLS)http://pul/name/7681 245 10$aDe schola quae Alexandriae floruit, catechetica commentatio historica et theologica /$cscripsit Henr. Ern. Ferdinandus Guerike .. 246 35$aDe scholae Alexandrinae catecheticae theologia 260 $aHalis Saxonum :$be Libreria Gebaueria,$c1824-1825. 300 $a2 v. ;$c21 cm 500 $aFront. agg. reca: De scholae Alexandrinae catecheticae theologia. 650 4$aNeoplatonismo.$0(OLS)http://pul/subject/1935 850 $aPUL 852 $aPUL$W1$xDP1 Antico 800$y27$m25 D 1$j10832$nBK-PRI$b $qStampati Antico$B10832$CPULBib$Z2$F10832 $H $81 941 1 $a15 996 $6245$aDe schola quae Alexandriae floruit, catechetica commentatio historica et theologica$9(OLS)http://pul/title/11179 996 $6246$aDe scholae Alexandrinae catecheticae theologia$9(OLS)http://pul/title/11180 996 $6260$aHalis Saxonum :$be Libreria Gebaueria$9(OLS)http://pul/publisher/51809 LEADER 01859nam a2200397 a 4500 001 000000159238 003 CaOOAMICUS 005 20170306113455.0 008 170306s2016 it u000 u ita r 020 $z978-88-6944-563-7* 032 $aLibriCat 040 $aPUL$bita 082 04$a150.195 100 1 $aBuber, Martin,$d1878-1965.$0(OLS)http://pul/name/5557 245 13$aIl mito della relazione /$cMartin Buber, Emmanuel Levinas, Gabriel Marcel ; con un testo di Andrè LaCocque ; a cura e con uno studio di Franco Riva. 260 $aRoma :$bCastelvecchi ;$aRoma :$bLit Edizioni,$c©2016. 300 $a221 p. ;$c22 cm. 490 1 $aNavi 600 14$aBuber, Martin,$d1878-1965.$0(OLS)http://pul/subject/15918 600 14$aLévinas, Emmanuel,$d1906-1995.$0(OLS)http://pul/subject/4989 600 14$aMarcel, Gabriel,$d1889-1973.$0(OLS)http://pul/subject/13820 650 4$aRelazioni interpersonali$xAspetti psicologici.$0(OLS)http://pul/subject/27616 700 1 $aLévinas, Emmanuel,$d1906-1995.$0(OLS)http://pul/name/11641 700 1 $aMarcel, Gabriel,$d1889-1973.$0(OLS)http://pul/name/5604 700 1 $aRiva, Franco,$d1922-1981.$0(OLS)http://pul/name/1530 700 1 $aLacocque, André.$0(OLS)http://pul/name/50720 830 3$aLe Navi.$0(OLS)http://pul/title/143012 850 $aPUL 852 $aPUL$W1$xSL Filosofia 3$y81$m150. 195 RIVFR 1$j182545$qDDC 21$B185752$CPULBib$Z2$F185752 $H129018 $81 941 1 $a9 996 $6020$z978-88-6944-563-7*$9(OLS)http://pul/number/162151 996 $6082$a150.195$9(OLS)http://pul/classification/3041 996 $6245$aIl mito della relazione$9(OLS)http://pul/title/198855 996 $6260$aRoma :$bCastelvecchi$9(OLS)http://pul/publisher/80087 996 $6260$aRoma :$bLit Edizioni$9(OLS)http://pul/publisher/82417 LEADER 01682nam a2200349 a 4500 001 000000169883 003 CaOOAMICUS 005 20181010140848.0 008 181010s2018 it a u000 u ita r 020 $a978-88-3379-018-3* 032 $aLibriCat 040 $aPUL$bita 082 14$a323.44 245 00$aDiritto e libertà di credo in Europa :$bun cammino difficile = Law and freedom of belief in Europe, an arduous journey /$ca cura di - edited by European Federation for freedom of belief. 246 01$aLaw and freedom of belief in Europe 260 $aPisa :$bPacini,$c©2018. 300 $a599 p. :$bill. ;$c25 cm. 490 1 $aPacini Giuridica 504 $aBibliografia in nota a piè pagina. 650 4$aLibertà religiosa$zEuropa.$0(OLS)http://pul/subject/20324 710 1 $aEuropean Federation for Freedom of Belief (FOB).$0(OLS)http://pul/name/109322 830 0$aPacini Giuridica.$0(OLS)http://pul/title/198704 850 $aPUL 852 $aPUL$W1$xSL Diritto e Scienze Sociali 3$y79$m323. 44 FOB 1$j192795$qDDC 21$B197995$CPULBib$Z2$F197995 $H131338 $81 910 $aFOB (European Federation for Freedom of Belief )$9109322 941 1 $a9 996 $6020$a978-88-3379-018-3*$9(OLS)http://pul/number/164876 996 $6082$a323.44$9(OLS)http://pul/classification/675 996 $6245$aDiritto e libertà di credo in Europa :$bun cammino difficile = Law and freedom of belief in Europe, an arduous journey$9(OLS)http://pul/title/210544 996 $6246$aLaw and freedom of belief in Europe$9(OLS)http://pul/title/210552 996 $6260$aPisa :$bPacini$9(OLS)http://pul/publisher/48820